LEADER 01070nam a2200241 u 4500 001 000000032922 003 CaOOAMICUS 005 20070226112315.0 008 971024s1972 gw u000 u ger u 035 $a10774200 040 $aPUL(R)$bita 100 1 $aSeybold, Klaus.$0(OLS)http://pul/name/25738 245 14$aDas davidische Königtum im Zeugnis der Propheten /$cKlaus Seybold. 260 $aGöttingen :$bVandenhoeck & Ruprecht,$c1872. 300 $a183 p. ;$c24 cm 490 1 $aForschungen zur Religion und Literatur des Alten und Neuen Testaments ;$v107 830 0$aForschungen zur Religion und Literatur des Alten und Neuen Testaments ;$v107.$0(OLS)http://pul/title/15482 850 $aPUL 852 $aPUL$W1$xSL Religione 1$y3$m10(5) A 107$j45278$nBK-PRI$b $qStampati$B45278$CPULBib$Z2$F45278 $H $81 941 1 $a8 961 $aINV: 61828 996 $6245$aDas davidische Königtum im Zeugnis der Propheten$9(OLS)http://pul/title/45369 996 $6260$aGöttingen :$bVandenhoeck & Ruprecht$9(OLS)http://pul/publisher/47973 LEADER 01546nam a2200361 a 4500 001 000000124473 003 CaOOAMICUS 005 20151116115131.0 008 110302t2010 it 001 0 ita r 020 $a978-88-16-40974-3 032 $aLibriCat 040 $aPUL$bita 082 04$a945.083 100 1 $aSale, Giovanni,$cS.I.,$d1958-$0(OLS)http://pul/name/50714 245 12$aL'unitŕ d'Italia e la Santa Sede /$cGiovanni Sale. 260 $aMilano :$bJaca Book,$c©2010. 300 $a195 p. ;$c23 cm 490 1 $aI libri de "La Civiltŕ cattolica" 490 1 $aDi fronte e attraverso ;$v974 504 $aBibliografia e indice. 610 14$aChiesa cattolica$xRelazioni diplomatiche.$0(OLS)http://pul/subject/37206 651 4$aItalia$zSanta Sede$xRelazioni estere.$0(OLS)http://pul/subject/964 651 4$aItalia$xUnificazione.$0(OLS)http://pul/subject/25335 830 2$aI libri de "La Civiltŕ cattolica".$0(OLS)http://pul/title/132703 830 0$aDi fronte e attraverso ;$v974.$0(OLS)http://pul/title/138 850 $aPUL 852 $aPUL$W1$xSL Cons. Gen., Altre Classi 3$y75$m945. 083 SALGI 1$j143295$qDDC 21$B142329$CPULBib$Z2$F142329 $H115978 $82 941 1 $a9 996 $6020$a978-88-16-40974-3$9(OLS)http://pul/number/146489 996 $6082$a945.083$9(OLS)http://pul/classification/1869 996 $6245$aL'unitŕ d'Italia e la Santa Sede$9(OLS)http://pul/title/156913 996 $6260$aMilano :$bJaca Book$9(OLS)http://pul/publisher/47900